Các giải pháp kiến trúc khí hậu Việt Nam /

Khái quát khí hậu Việt Nam; Vi khí hậu và con người; Cách nhiệt cho các kết cấu nhà cửa; Che nắng cho nhà và cho phòng; Tổ chức thông gió tự nhiên; Cây xanh mặt nước và thiên nhiên trong kiến trúc....

Đã lưu trong:
書目詳細資料
主要作者: Phạm Đức Nguyên.
其他作者: Nguyễn Thu Hoà., Trần Quốc Bảo.
格式: 圖書
語言:Vietnamese
出版: Hà Nội : Khoa học và kỹ thuật, 1998.
主題:
標簽: 添加標簽
沒有標簽, 成為第一個標記此記錄!
Thư viện lưu trữ: Mạng thư viện Đại học Đà Nẵng
LEADER 01203cam a2200349 i 4500
001 000043575
003 1554
005 20040927101002.0
008 010217b1998 vm 000 vie
020 |c 26000 
040 |a IRC  |c IRC  |d IRC 
041 0 |a vie 
082 1 4 |a 720.47  |b PH-N 
100 1 |a Phạm Đức Nguyên. 
245 1 4 |a Các giải pháp kiến trúc khí hậu Việt Nam /  |c Phạm Đức Nguyên, Nguyễn Thu Hoà, Trần Quốc Bảo. 
260 |a Hà Nội :  |b Khoa học và kỹ thuật,  |c 1998. 
300 |a 247 tr. ;  |c 24 cm. 
520 3 |a Khái quát khí hậu Việt Nam; Vi khí hậu và con người; Cách nhiệt cho các kết cấu nhà cửa; Che nắng cho nhà và cho phòng; Tổ chức thông gió tự nhiên; Cây xanh mặt nước và thiên nhiên trong kiến trúc.... 
630 0 4 |a Kiến trúc. 
650 0 4 |a Kiến trúc và khí hậu. 
700 1 |a Nguyễn Thu Hoà. 
700 1 |a Trần Quốc Bảo. 
OWN |a DUT 
999 |a From the UDN01 
TYP |a Monograph 
TYP |a Printed language 
980 |a Mạng thư viện Đại học Đà Nẵng